书目信息 |
| 题名: |
中国名产趣谈
|
|
| 作者: | 刘万朗 , 王文祥 编 | |
| 分册: | ||
| 出版信息: | 北京 中国旅游出版公司 1986 |
|
| 页数: | 443页 | |
| 开本: | 19cm | |
| 丛书名: | ||
| 单 册: | ||
| 中图分类: | F762.7 , Z1 | |
| 科图分类: | ||
| 主题词: | 土特产品--中国 , 丛书 | |
| 电子资源: | ||
| ISBN: | ||
| 000 | 00655nam0 2200253 450 | |
| 001 | 1547778604 | |
| 005 | 20150122131639.48 | |
| 010 | @dCNY3.20 | |
| 091 | @a4179.702 | |
| 100 | @a20130329d1986 em y0chiy0110 ea | |
| 101 | 0 | @achi |
| 102 | @aCN@b110000 | |
| 105 | @ay z 000yy | |
| 200 | 1 | @a中国名产趣谈@9zhong guo ming chan qu tan@f刘万朗,王文祥编 |
| 210 | @a北京@c中国旅游出版公司@d1986 | |
| 215 | @a443页@d19cm | |
| 606 | 0 | @a土特产品@y中国 |
| 606 | 0 | @a丛书 |
| 690 | @aF762.7@v5 | |
| 690 | @aZ1@v4 | |
| 701 | 0 | @a刘万朗@9liu wan lang@4编 |
| 701 | 0 | @a王文祥@9wang wen xiang@4编 |
| 801 | 0 | @aCN@bTSSF@c20150122 |
| 905 | @aZUCC@dZ1@eJY22 | |
| 中国名产趣谈/刘万朗,王文祥编.-北京:中国旅游出版公司,1986 |
| 443页;19cm |
| ISBN :CNY3.20 |
| ● |
| 相关链接 |
|
|
|
|
正题名:中国名产趣谈
索取号:Z1/JY22
 
预约/预借
| 序号 | 登录号 | 条形码 | 馆藏地/架位号 | 状态 | 备注 |
| 1 | 7850891 | 278508919 | 学院路分馆/ [索取号:Z1/JY22] | 在馆 | |
| 2 | 7850892 | 278508928 | 学院路分馆/ [索取号:Z1/JY22] | 在馆 |